[Event "AUTO-ADV-2641"]
[Site "http://www.queenalice.com/game.php?id=1110225"]
[Date "2012.10.7"]
[Round "1"]
[White "Landoaldojr"]
[Black "Frost"]
[Result "0-1"]
[WhiteElo "1688"]
[BlackElo "1648"]

1. Nf3 g6 2. e3 Bg7 3. Be2 d5 4. O-O e5 5. d4 e4 6. Ne5 Qg5 7. f4 exf3 8. Nxf3
Qe7 9. b3 Nh6 10. Ba3 c5 11. Bxc5 Qc7 12. Bb5+ Bd7 13. Na3 Ng4 14. Qe2 Bh6 15.
Bb4 Bxe3+ 16. Kh1 Nc6 17. h3 Nf2+ 18. Rxf2 Qf4 19. Bd2 Nxd4 20. Bxd7+ Kxd7 21.
Qxe3 Qxe3 22. Bxe3 Nf5 23. Bf4 h6 24. Ne5+ Ke6 0-1

[Event "AUTO-ADV-2641"]
[Site "http://www.queenalice.com/game.php?id=1110226"]
[Date "2012.10.7"]
[Round "1"]
[White "Frost"]
[Black "Landoaldojr"]
[Result "0-1"]
[WhiteElo "1630"]
[BlackElo "1696"]

1. e4 e5 2. Nf3 d6 3. d4 f6 4. dxe5 fxe5 5. Bg5 Be7 6. h4 Bxg5 7. Nxg5 Qf6 8.
Bb5+ Bd7 9. Bxd7+ Nxd7 10. Qd5 c6 11. Qe6+ Qxe6 12. Nxe6 Kf7 13. Ng5+ Ke7 14.
Nd2 Ngf6 15. O-O-O Ng4 16. Rhf1 h6 17. Nc4 hxg5 18. hxg5 Rh2 19. Rxd6 Rxg2 20.
Rfd1 Rd8 21. f3 Nf2 22. R1d2 Rg1+ 0-1

[Event "AUTO-ADV-2642"]
[Site "http://www.queenalice.com/game.php?id=1110331"]
[Date "2012.10.7"]
[Round "1"]
[White "thw"]
[Black "Landoaldojr"]
[Result "1-0"]
[WhiteElo "1979"]
[BlackElo "1726"]

1. e4 e5 2. Nf3 d6 3. Bc4 Qe7 4. h3 Be6 5. Bxe6 Qxe6 6. O-O Be7 7. c3 Na6 8. Re1
O-O-O 9. d4 exd4 10. cxd4 f6 11. Nc3 g5 12. Nh2 h5 13. Nd5 c6 14. Qc2 Kb8 15.
Ne3 Nh6 16. a3 c5 17. d5 Qd7 18. Bd2 g4 19. h4 Rdf8 20. g3 f5 21. Bc3 Rhg8 22.
e5 dxe5 23. Bxe5+ Bd6 24. Nc4 Bxe5 25. Rxe5 Re8 26. Rae1 Rxe5 27. Rxe5 Re8 28.
Qe2 Rxe5 29. Qxe5+ Nc7 30. Qh8+ Ne8 31. Qxh6 Ng7 32. d6 Ne6 33. Qxh5 Nd4 34.
Qh8+ Qc8 35. Qxc8+ Kxc8 36. Kg2 b5 37. Ne5 a5 38. d7+ Kd8 39. h5 Ne6 40. f3
gxf3+ 41. Nhxf3 Nf8 42. Ng5 Nxd7 43. Nxd7 Kxd7 44. h6 Ke7 45. h7 1-0

[Event "AUTO-ADV-2642"]
[Site "http://www.queenalice.com/game.php?id=1110332"]
[Date "2012.10.7"]
[Round "1"]
[White "Landoaldojr"]
[Black "thw"]
[Result "0-1"]
[WhiteElo "1731"]
[BlackElo "1961"]

1. Nf3 d5 2. e3 c5 3. Bb5+ Bd7 4. Bxd7+ Nxd7 5. d4 e6 6. O-O Ngf6 7. Ne5 cxd4 8.
exd4 Bd6 9. Bf4 Qb6 10. b3 Rc8 11. c3 O-O 12. Nxd7 Nxd7 13. Bxd6 Qxd6 14. Qf3
Nf6 15. Qg3 Ne4 16. Qxd6 Nxd6 17. a4 Ne4 18. Rc1 Rc7 19. f3 Nd6 20. c4 dxc4 21.
bxc4 Rxc4 22. Rxc4 Nxc4 23. Na3 Nxa3 24. Rxa3 Rc8 25. a5 g6 26. Rb3 Rc1+ 27. Kf2
Ra1 28. Rxb7 Rxa5 29. Rd7 Ra2+ 30. Kg3 a5 31. Rd8+ Kg7 32. d5 exd5 33. Rxd5 a4
34. h4 Rb2 35. Ra5 Rb4 36. h5 f5 37. hxg6 hxg6 38. Re5 a3 39. Re2 Rb2 40. Re1 a2
41. Ra1 Kf6 42. Kh2 Ke5 43. Kg3 Kd4 44. Rd1+ Kc3 45. Rc1+ Kb3 46. Re1 Ka3 47.
Re3+ Rb3 48. Rxb3+ Kxb3 0-1

[Event "AUTO-ADV-2642"]
[Site "http://www.queenalice.com/game.php?id=1110345"]
[Date "2012.10.7"]
[Round "1"]
[White "FPM"]
[Black "Landoaldojr"]
[Result "1-0"]
[WhiteElo "1885"]
[BlackElo "1696"]

1. Nf3 g6 2. c4 d6 3. d4 Bg7 4. e4 Bh6 5. Be3 Bxe3 6. fxe3 Nh6 7. Nbd2 O-O 8. e5
dxe5 9. Nxe5 Nc6 10. Nxc6 bxc6 11. Be2 Nf5 12. Qb3 a5 13. O-O Be6 14. Rfd1 Qb8
15. Kf2 a4 16. Qc2 Qb4 17. a3 Qb6 18. Ne4 Qb3 19. Qxb3 axb3 20. a4 Nd6 21. Nc5
Bxc4 22. Bxc4 Nxc4 23. Nxb3 Nxb2 24. Rd2 Nc4 25. Rc2 Na5 26. Nxa5 Rxa5 27. Rxc6
Ra7 28. Rac1 Rc8 29. a5 Rxa5 30. Rxc7 Rf5+ 31. Ke2 Re8 32. Ra1 e5 33. d5 Rd8 34.
e4 Rf4 35. Ke3 1-0

[Event "AUTO-ADV-2642"]
[Site "http://www.queenalice.com/game.php?id=1110346"]
[Date "2012.10.7"]
[Round "1"]
[White "Landoaldojr"]
[Black "FPM"]
[Result "0-1"]
[WhiteElo "1705"]
[BlackElo "1876"]

1. Nf3 d5 2. e3 g6 3. Bb5+ c6 4. Be2 Bg7 5. O-O e5 6. d4 Nd7 7. c3 Ne7 8. Na3
exd4 9. exd4 Nf6 10. Ne5 O-O 11. Ng4 Nxg4 12. Bxg4 Be6 13. Bg5 Qd7 14. Bxe6 fxe6
15. Nc2 Rae8 16. Ne3 e5 17. Qg4 Qxg4 18. Nxg4 exd4 19. cxd4 Bxd4 20. Rab1 Bg7
21. Nh6+ Bxh6 22. Bxh6 Rf5 23. g4 Re5 24. Rfe1 Nc8 25. Rxe5 Rxe5 26. Kf1 Nd6 27.
Bf4 Re6 28. b3 Nb5 29. Bd2 b6 30. Rd1 d4 31. Rc1 c5 32. a4 Nd6 33. f3 Kf7 34.
Re1 Kf6 0-1

[Event "AUTO-ADV-2642"]
[Site "http://www.queenalice.com/game.php?id=1110355"]
[Date "2012.10.7"]
[Round "1"]
[White "Landoaldojr"]
[Black "leking"]
[Result "1-0"]
[WhiteElo "1720"]
[BlackElo "1592"]

1. Nf3 d5 2. e3 Nc6 3. Bb5 Bd7 4. a4 Nf6 5. O-O a6 6. Be2 e5 7. d3 Bd6 8. b3 e4
9. Nd4 O-O 10. Nd2 Nxd4 11. exd4 Re8 12. dxe4 dxe4 13. Nc4 Be7 14. Ne5 Bd6 15.
Ng4 Bxg4 16. Bxg4 Nxg4 17. Qxg4 Re6 18. f4 Rg6 19. Qe2 Qd7 20. Qxe4 c6 21. f5
Rf6 22. Bg5 Re8 23. Qd3 Qd8 24. Bxf6 Qxf6 25. Rae1 Kf8 26. Rxe8+ Kxe8 27. Re1+
Kd7 28. Qe4 b6 29. c4 a5 30. Qe8+ Kc7 31. Qe4 Kd7 32. Qe8+ Kc7 33. d5 Qd8 34.
Qxc6+ Kb8 35. Re8 1-0

[Event "AUTO-ADV-2642"]
[Site "http://www.queenalice.com/game.php?id=1110356"]
[Date "2012.10.7"]
[Round "1"]
[White "leking"]
[Black "Landoaldojr"]
[Result "0-1"]
[WhiteElo "1578"]
[BlackElo "1729"]

1. e4 e5 2. Nf3 d6 3. d4 f6 4. dxe5 fxe5 5. h3 Nd7 6. Nc3 Ngf6 7. Bg5 Be7 8. Bd3
O-O 9. Qd2 Nh5 10. Bxe7 Qxe7 11. Nd5 Qf7 12. O-O-O h6 13. Nxc7 Rb8 14. Nd5 Nb6
15. Nxb6 axb6 16. Qe3 Qxa2 17. Nd2 Qa1+ 18. Nb1 Be6 19. Qxb6 Rbd8 20. Kd2 Qa4
21. Nc3 Qd4 22. Qxd4 exd4 23. Ne2 Rxf2 24. Rhg1 Nf4 25. Ke1 Rxg2 26. Rxg2 Nxg2+
27. Kd2 Ne3 28. Ra1 Bxh3 29. Rh1 Bg2 30. c3 Nf1+ 31. Ke1 dxc3 32. Rxf1 Bxf1 33.
Kxf1 cxb2 34. Nc3 Rf8+ 35. Ke1 Rf3 36. Ke2 Rh3 37. Kd2 Rh2+ 38. Ne2 Rh1 39. Nc3
b1=Q 40. Bxb1 g5 41. Ke3 h5 42. Kd4 g4 43. Ke3 Rf1 44. Kd4 g3 45. Ke3 h4 46. Ke2
Rf2+ 47. Ke1 Rf3 48. Nd1 h3 49. Ke2 Rf6 50. Ne3 g2 51. e5 dxe5 52. Bf5 g1=Q 0-1

[Event "AUTO-OPEN-2811"]
[Site "http://www.queenalice.com/game.php?id=1110375"]
[Date "2012.10.8"]
[Round "1"]
[White "Gustorrent"]
[Black "Landoaldojr"]
[Result "0-1"]
[WhiteElo "1667"]
[BlackElo "1660"]

1. d4 d5 2. Nf3 g6 3. e3 Bg7 4. Bd3 c6 5. O-O Nf6 6. c4 O-O 7. Nc3 e6 8. c5 b5
9. cxb6 axb6 10. b3 Ba6 11. Bb2 Bxd3 12. Qxd3 b5 13. b4 Na6 14. a3 Qd6 15. h3
Ne4 16. Nxe4 Qc7 17. Ned2 Nb8 18. Nb3 Nd7 19. Nc5 Nxc5 20. bxc5 Qa7 21. Qb3 Qa4
22. Qxa4 bxa4 23. Bc3 f6 24. Rab1 Rfb8 25. Rxb8+ Rxb8 26. Bb4 Bf8 27. Re1 Rd8
28. Nh2 f5 29. Nf3 Be7 30. Ne5 Rc8 31. Nd7 Bd8 32. g3 Rc7 33. Nb6 Rb7 34. Kg2
Kf7 35. f4 Kf6 36. Nxa4 Ra7 37. Nc3 Ba5 0-1

[Event "AUTO-OPEN-2811"]
[Site "http://www.queenalice.com/game.php?id=1110376"]
[Date "2012.10.8"]
[Round "1"]
[White "Landoaldojr"]
[Black "Gustorrent"]
[Result "1-0"]
[WhiteElo "1676"]
[BlackElo "1651"]

1. Nf3 Nf6 2. e3 Nc6 3. Be2 e5 4. O-O d5 5. d4 e4 6. Ne5 Be7 7. c3 O-O 8. Nd2 a6
9. Nb3 Bd6 10. Ng4 Nxg4 11. Bxg4 Bxg4 12. Qxg4 Qf6 13. f4 Rae8 14. Nc5 Rb8 15.
Nd7 Qe7 16. Nxb8 Nxb8 17. Bd2 c6 18. Qh5 Nd7 19. a4 Nf6 20. Qg5 h6 21. Qf5 Qe6
22. Qxe6 fxe6 23. a5 Ng4 24. h3 Nf6 25. b4 Nh7 26. Be1 g6 27. g3 Kg7 28. Kg2 g5
29. Rf2 gxf4 30. exf4 Kg6 31. Bd2 Nf6 32. Raf1 h5 33. f5+ exf5 34. Rxf5 Nh7 35.
Rxf8 Nxf8 36. Bf4 Bxf4 37. gxf4 1-0

[Event "AUTO-OPEN-2811"]
[Site "http://www.queenalice.com/game.php?id=1110403"]
[Date "2012.10.8"]
[Round "1"]
[White "kamikaze"]
[Black "Landoaldojr"]
[Result "1-0"]
[WhiteElo "2287"]
[BlackElo "1709"]

1. d4 d5 2. c4 dxc4 3. Nc3 Be6 4. e4 a6 5. d5 Bd7 6. Bxc4 b5 7. Bd3 Qc8 8. h3 e6
9. dxe6 Bxe6 10. Nf3 Be7 11. O-O Bxh3 12. gxh3 Qxh3 13. Ng5 Bxg5 14. Bxg5 h6 15.
Bf4 Ra7 16. Be2 Nf6 17. Re1 O-O 18. Qd3 Qxd3 19. Bxd3 Nc6 20. Be3 Rb7 21. Rac1
Ne5 22. Be2 c6 23. Rcd1 Rd7 24. Rxd7 Nexd7 25. Rd1 Ne5 26. Bd4 1-0

[Event "AUTO-OPEN-2811"]
[Site "http://www.queenalice.com/game.php?id=1110404"]
[Date "2012.10.8"]
[Round "1"]
[White "Landoaldojr"]
[Black "kamikaze"]
[Result "0-1"]
[WhiteElo "1707"]
[BlackElo "2292"]

1. Nf3 d5 2. e3 c5 3. Bb5+ Bd7 4. Bxd7+ Qxd7 5. O-O Nf6 6. Ne5 Qc7 7. d4 cxd4 8.
exd4 e6 9. c3 Nc6 10. Qe2 Bd6 11. f4 O-O 12. Qf3 Ne7 13. Nd2 b5 14. b4 a5 15.
bxa5 Qxa5 16. Nb3 Qc7 17. Be3 Nf5 18. Bf2 Rac8 19. Rac1 Ne4 20. Be1 Bxe5 21.
fxe5 f6 22. Bg3 Nfxg3 0-1

[Event "AUTO-OPEN-2811"]
[Site "http://www.queenalice.com/game.php?id=1110421"]
[Date "2012.10.8"]
[Round "1"]
[White "jgfmelo"]
[Black "Landoaldojr"]
[Result "1-0"]
[WhiteElo "1795"]
[BlackElo "1724"]

1. e4 e5 2. d4 Bb4+ 3. c3 Bd6 4. Qg4 g6 5. d5 Be7 6. Be3 d6 7. Qf3 Bg5 8. h3 Qf6
9. Na3 Qxf3 10. Nxf3 Bxe3 11. fxe3 Nf6 12. Nb5 Nxe4 13. Nxc7+ Ke7 14. Nxa8 Kd7
15. Bd3 Nc5 16. Bb5+ Kd8 17. Ng5 Rf8 18. Nxh7 Rg8 19. Nf6 Rh8 20. O-O-O Nbd7 21.
Bxd7 Bxd7 22. g4 Kc8 23. b4 Na4 24. Kc2 Rd8 25. Nxd7 Rxd7 26. Kb3 Nb6 27. Nxb6+
axb6 28. a4 Kc7 29. h4 Rd8 30. Rdf1 Rf8 31. h5 Rh8 32. hxg6 Rxh1 33. Rxh1 fxg6
34. Rh7+ Kb8 35. Rg7 g5 36. Rxg5 Ka7 37. Rg6 1-0

[Event "AUTO-OPEN-2811"]
[Site "http://www.queenalice.com/game.php?id=1110422"]
[Date "2012.10.8"]
[Round "1"]
[White "Landoaldojr"]
[Black "jgfmelo"]
[Result "0-1"]
[WhiteElo "1711"]
[BlackElo "1728"]

1. Nf3 d5 2. e3 Bg4 3. Be2 e6 4. Ne5 Bxe2 5. Qxe2 f6 6. Nd3 Nc6 7. O-O f5 8. f4
Nf6 9. c3 h6 10. Ne5 g5 11. Nxc6 bxc6 12. b4 Ng4 13. h3 Nf6 14. Na3 g4 15. hxg4
Nxg4 16. Qf3 Be7 17. d4 h5 18. Bd2 h4 19. Qh3 Bf6 20. Nc2 Qb8 21. a3 Qb5 22. Ne1
Qe2 23. Ra2 Qd1 24. Nf3 Qb3 25. Raa1 Be7 26. Ng5 Bxg5 27. fxg5 Qb2 28. Rfd1
O-O-O 29. Be1 Rdg8 30. Rdb1 Qe2 31. Qf3 Qxe3+ 32. Qxe3 Nxe3 33. Bd2 f4 34. Bxe3
fxe3 35. Re1 Rxg5 36. Rxe3 h3 37. g3 Kb7 38. Ra2 Rhg8 39. Kh2 Rh5 40. Rf2 Kb6
41. Rxe6 Kb5 42. Rf3 Rgh8 43. Re7 Kb6 44. Re5 Kb5 45. Rxh5 Rxh5 46. g4 Rh8 47.
g5 Ka4 48. g6 Kxa3 49. g7 Rg8 50. Kxh3 Rxg7 51. Rf6 c5 52. dxc5 Kb3 53. Rf3 Rg1
54. Rf7 c6 55. Rxa7 Kxc3 56. Rb7 Rb1 57. Rb6 d4 58. Rxc6 d3 59. Rd6 d2 60. Rxd2
Kxd2 61. c6 Rxb4 62. c7 Rc4 0-1

[Event "would you like a game?"]
[Site "http://www.queenalice.com/game.php?id=1122529"]
[Date "2012.11.15"]
[Round "-"]
[White "agilulfo"]
[Black "Landoaldojr"]
[Result "0-1"]
[WhiteElo "1769"]
[BlackElo "1711"]

1. d4 d6 2. c4 g6 3. Nc3 Bg7 4. Nf3 Nf6 5. Bg5 Nh5 6. h3 O-O 7. e4 f6 8. Be3 e5
9. d5 c5 10. Be2 Nf4 11. O-O Bh6 12. a3 Bd7 13. b4 b6 14. b5 a6 15. a4 Qe7 16.
a5 Qd8 17. Qb1 bxa5 18. Rxa5 Qxa5 0-1